| 000 | 00601nam a22001937a 4500 | ||
|---|---|---|---|
| 005 | 20170816154028.0 | ||
| 010 | _aENG-119825 | ||
| 020 |
_a9788180642340 _c150.00 |
||
| 035 | _aEN-103357 | ||
| 037 | _bDBAD/PUB | ||
| 082 | _a362.56 | ||
| 100 | _aSalim Shah | ||
| 245 |
_aRegional and social disparity : _c by Salim Shah [and] Niranjan Debnath _ba special focus on Tripura / |
||
| 260 |
_aKolkata _bProgressive Publishers _c2015 |
||
| 270 |
_a37A, College Street _bKolkata _e700073 |
||
| 300 |
_a124p. _c22cm(Hb) |
||
| 700 | _aNiranjan Debnath | ||
| 942 |
_2ddc _cEN _h362.56 _mSAL |
||
| 999 |
_c143426 _d143426 |
||